|
|
|
|
| LEADER |
00699nam a2200157Ia 4500 |
| 001 |
TDMU_37631 |
| 008 |
210410s9999 xx 000 0 und d |
| 082 |
|
|
|a 616.9792
|
| 100 |
|
|
|a Boni, Maciej F
|
| 245 |
|
0 |
|a Modelling the progression of pandemic influenza A (H1N1) in Vietnam and the opportunities for reassortment with other influenza viruses
|
| 245 |
|
0 |
|c Maciej F Boni, Bui Huu Manh, Pham Quang Thai...[và nh.ng.kh]
|
| 300 |
|
|
|a Tr.1-12
|
| 650 |
|
|
|a Y dược; Influenza A; Vietnam; Influenza viruses; Bệnh cúm A
|
| 700 |
|
|
|a Bui, Huu Manh
|
| 856 |
|
|
|u http://lrc.tdmu.edu.vn/opac/search/detail.asp?aID=2&ID=37631
|
| 980 |
|
|
|a Trung tâm Học liệu Trường Đại học Thủ Dầu Một
|